| 000 | 00715nam a2200169 a 4500 | ||
|---|---|---|---|
| 020 | _a0028221583 (teacher's wraparound ed.) | ||
| 020 | _a0028221540 (student text) | ||
| 040 | _cDLC | ||
| 082 | 0 | 0 | _a973 GLE 1999 A101 Or. |
| 100 | 1 | _aNash, Gary B. | |
| 245 | 1 | 0 |
_aAmerican odyssey : _bthe United States in the twentieth century / |
| 250 | _aTeacher's wraparound ed., multimedia ed. | ||
| 260 |
_aNew York : _bGlencoe/McGraw-Hill, _cc1999. |
||
| 300 |
_a53, 1010 p. : _bill. (some col.), col. maps ; _c30 cm. |
||
| 520 | _aA history of the United States in the twentieth century, featuring sociological and cultural events, as well as strictly historical, and using many pertinent literary excerpts. | ||
| 942 | _cEK | ||
| 999 |
_c13485 _d13485 |
||